01272naa a22003377a 4500001001000000003000900010005001700019007000300036008003400039040005400073041000900127072002000136090001800156100001700174111007500191245004300266260004000309500012700349650001700476650001000493650001400503650001700517650002100534650001500555650002200570773012400592909003600716942001400752999001900766952014900785BR7800043BR-BrBNA20240918181859.0ta230509b bl.||||| |||| 00| 0 por d aBR-BrBNAbporcBiblioteca Nacional de Agricultura a(Pt) aH60b0150b3876 aH60 BR78000431 aLovato, L.A.1 a7. Reuniao da Cultura do ArrozcPorto Alegre, RS (Brazil)d23 Aug 19771 aMisturas de herbicidas no pulverizador3 aPorto Alegre, RS (Brasil): c1977.  aAnais da 7. Reuniao da Cultura do Arroz - Rio Grande do Sul Porto Alegre, RS (Brasil): 1977. p. 154-156 (BR7800043-AM)H60  aErva Daninha aArroz aHerbicida aPulverizacao aControle Quimico aRendimento aRio Grande do Sul0 tAnais da 7. Reuniao da Cultura do Arroz - Rio Grande do SulwH60 BR7800043gPorto Alegre, RS (Brasil), 1977. p. 154-156 a202404bLuciac55dLucia Elande cAM2AGRIS c327331d327331 002AGRIS40708Acervo Gerala41918b41918cAgrobasel0o0150 BR7800016r2024-05-20t01yAM10d2024-04-11ePortaria Interministerial nÂș 164/94